朝鮮民主主義人民共和国の地方行政区画 - Statistics

General Stats
  • This quiz has been taken 11 times
    7 since last reset
  • The average score is 8 of 13
Answer Stats
道都 名称 % Correct
なし 平壌直轄市
100%
元山市 江原道
100%
平城市 平安南道
83%
新義州市 平安北道
83%
海州市 黄海南道
67%
沙里院市 黄海北道
67%
咸興市 咸鏡南道
67%
清津市 咸鏡北道
67%
江界市 慈江道
50%
なし 羅先特別市
50%
恵山市 両江道
33%
なし 開城特別市
33%
なし 南浦特別市
17%
No matching quizzes found
Score Distribution
Percent of People with Each Score
Percentile by Number Answered
Your Score History
You have not taken this quiz since the last reset